000 00638nam a2200217Ia 4500
001 5477
003 GE_BSU
008 181216s||||||||xx |||||||||||||| ||und||
040 _cGE_BSU
080 _a517
100 _aИгнатьева А.В. Краснощёкова Т.И. Смирнов В.Ф.
245 _aКурс высшей математики.
245 _bИзд. 2-Е.
245 _cПод ред. П.И.Романовского.
260 _aМосква
260 _bВысшая школа
260 _c1968
300 _a691 с. 27 см.
653 _aКурс высшей математики.
942 _cBK
999 _c39002
_d39002